000 00469nam a2200169 i 4500
001 134324
003 ES-MaACL
005 20230906194641.0
007 t|
008 070907s1954 xxu ||||1| eng d
100 1 _aWhite, Victor.
_9116691
245 1 0 _aPeter Domanig in America Steef /
_cby Victor White.
250 _a1st ed.
260 _aIndianapolis :
_bThe Bobbs Merrill Comp.,
_c1954.
300 _a476 p. ;
_c22 cm.
852 _aES-MaACL
_jC-25232
_bR.53934
999 _c134324
_d134324